Hướng nào Hà Nội cũng sông : Tiểu luận

Guardado en:
Detalles Bibliográficos
Autor principal: Hồ, Anh Thái
Formato: Libro
Lenguaje:Undetermined
Publicado: Thành phố Hồ Chí Minh Văn nghệ Thành phố Hồ Chí Minh 2009
Materias:
Etiquetas: Agregar Etiqueta
Sin Etiquetas, Sea el primero en etiquetar este registro!
Thư viện lưu trữ: Trung tâm Học liệu Trường Đại học Cần Thơ
LEADER 00695nam a2200217Ia 4500
001 CTU_154038
008 210402s9999 xx 000 0 und d
020 |c 48000 
082 |a 895.92244 
082 |b Th103 
100 |a Hồ, Anh Thái 
245 0 |a Hướng nào Hà Nội cũng sông : 
245 0 |b Tiểu luận 
245 0 |c Hồ Anh Thái 
260 |a Thành phố Hồ Chí Minh 
260 |b Văn nghệ Thành phố Hồ Chí Minh 
260 |c 2009 
650 |a Vietnamese literature,Văn học Việt Nam 
650 |y 21st century,Thế kỷ 21 
904 |i Trọng Hải 
980 |a Trung tâm Học liệu Trường Đại học Cần Thơ